| 000 | 01026nam a2200241Ia 4500 | ||
|---|---|---|---|
| 001 | 9969 | ||
| 003 | GE_BSU | ||
| 008 | 181216s||||||||xx |||||||||||||| ||und|| | ||
| 020 | _a9789941444210 | ||
| 040 | _cGE_BSU | ||
| 080 | _a930.2+94(479.22)+726:27+008 | ||
| 100 | _aკაშია,ჯანრი | ||
| 245 | _aტ.XI. უბისი:რუსთველი და დანტე.წ.2 | ||
| 245 | _bწინათქმა:ზოგი რამ "ქართული რენესანსის" შესახებ | ||
| 245 | _cრედ.ხათუნა თოდუა. | ||
| 260 | _aთბილისი | ||
| 260 | _bქართული ბიოგრაფიული ცენტრი. | ||
| 260 | _c2013 | ||
| 300 | _a560გვ.ფოტო.21სმ. | ||
| 653 | _aუბისი:რუსთველი და დანტე | ||
| 653 | _aწინათქმა:ზოგი რამ "ქართული რენესანსის" შესახებ | ||
| 942 | _cBK | ||
| 999 |
_c43242 _d43242 |
||